Takvom : (Record no. 10501)

MARC details
000 -LEADER
fixed length control field 00366nam a22001457a 4500
003 - CONTROL NUMBER IDENTIFIER
control field GBCCL
005 - DATE AND TIME OF LATEST TRANSACTION
control field 20241126110733.0
008 - FIXED-LENGTH DATA ELEMENTS--GENERAL INFORMATION
fixed length control field 240916b ||||| |||| 00| 0 eng d
040 ## - CATALOGING SOURCE
Transcribing agency gbc
082 ## - DEWEY DECIMAL CLASSIFICATION NUMBER
Classification number SOU TAK
Item number 2022
245 ## - TITLE STATEMENT
Title Takvom :
Remainder of title 75th Jubilee, 1947-2022
260 ## - PUBLICATION, DISTRIBUTION, ETC.
Place of publication, distribution, etc. Takvom :
Name of publisher, distributor, etc. Pumchinkhup Guite & family,
Date of publication, distribution, etc. 2022
300 ## - PHYSICAL DESCRIPTION
Extent 124p. ;
942 ## - ADDED ENTRY ELEMENTS (KOHA)
Source of classification or shelving scheme Dewey Decimal Classification
Koha item type Archives
Holdings
Withdrawn status Lost status Source of classification or shelving scheme Damaged status Not for loan Home library Current Library Shelving location Date acquired Total checkouts Full call number Barcode Date last seen Copy number Price effective from Koha item type
    Dewey Decimal Classification     GRACE BIBLE COLLEGE GRACE BIBLE COLLEGE Archives 2024-09-16   SOU TAK 2022 250294 2025-05-01 c.1 2024-09-16 Archives
    Dewey Decimal Classification     GRACE BIBLE COLLEGE GRACE BIBLE COLLEGE Archives 2024-09-16   SOU TAK 2022 250295 2025-05-01 c.2 2024-09-16 Archives
© Grace Bible College Library 2025